| 000 | 00621nam a2200205 u 4500 | ||
|---|---|---|---|
| 005 | 20210223131750.0 | ||
| 008 | 120619s2007 r 000 0 eng d | ||
| 020 | _a9788497542524 | ||
| 035 | _aUPN01000185220 | ||
| 049 | _aI | ||
| 050 | 4 |
_aQC981.3 _bF4.2 |
|
| 100 | 1 |
_aFeterman, Georges _938655 |
|
| 245 | 1 | 3 |
_aEl clima a tu alcance / _cGeorges Feterman ; tr. de Nuria Martí. |
| 260 |
_aBarcelona, Esp. : _bOniro, _cc2007. |
||
| 300 |
_a68 p. : _bil. |
||
| 440 | 0 |
_aQuerido mundo ; _v11 |
|
| 534 |
_pTítulo original _tLe climat á petits pas : |
||
| 650 | 4 |
_aCLIMA - _vLITERATURA JUVENIL _912491 |
|
| 905 | _aInfantil | ||
| 999 |
_c157323 _d157323 |
||